[Event "Blitz 2018"]
[Site "Saint-Petersburg"]
[Date "2018.12.30"]
[Round "14"]
[Board "40"]
[White "Christiansen Johan-Sebastian (NOR)"]
[Black "Tang Andrew (USA)"]
[Result "0-1"]
[LiveChessVersion "1.4.8"]
[BlackElo "2501"]
[WhiteElo "2635"]

1. c4 {[%clk 0:03:03]} e6 {[%clk 0:03:03]} 2. Nf3 {[%clk 0:03:03]} d5
{[%clk 0:03:03]} 3. g3 {[%clk 0:03:04]} Nf6 {[%clk 0:03:03]} 4. Bg2
{[%clk 0:03:05]} Be7 {[%clk 0:03:04]} 5. d4 {[%clk 0:03:06]} O-O {[%clk 0:03:04]}
6. Qc2 {[%clk 0:03:07]} dxc4 {[%clk 0:02:56]} 7. Qxc4 {[%clk 0:03:08]} a6
{[%clk 0:02:53]} 8. Bf4 {[%clk 0:03:09]} Nd5 {[%clk 0:02:40]} 9. Nc3
{[%clk 0:03:10]} b5 {[%clk 0:02:27]} 10. Qd3 {[%clk 0:03:11]} Bb7
{[%clk 0:02:29]} 11. Nxd5 {[%clk 0:03:11]} Bxd5 {[%clk 0:02:29]} 12. O-O
{[%clk 0:03:11]} Nd7 {[%clk 0:02:26]} 13. Rfd1 {[%clk 0:02:58]} c5
{[%clk 0:02:22]} 14. e4 {[%clk 0:02:57]} Bb7 {[%clk 0:02:17]} 15. d5
{[%clk 0:02:47]} c4 {[%clk 0:02:07]} 16. Qc2 {[%clk 0:02:33]} exd5
{[%clk 0:01:58]} 17. exd5 {[%clk 0:02:34]} Bf6 {[%clk 0:01:46]} 18. Nd4
{[%clk 0:02:02]} Nc5 {[%clk 0:01:27]} 19. Nc6 {[%clk 0:00:42]} Qd7
{[%clk 0:01:19]} 20. Rab1 {[%clk 0:00:38]} Nd3 21. Be3 Rfe8 {[%clk 0:01:01]} 22.
b3 {[%clk 0:00:36]} Bxc6 {[%clk 0:00:50]} 23. dxc6 {[%clk 0:00:36]} Qe6
{[%clk 0:00:51]} 24. bxc4 {[%clk 0:00:35]} bxc4 {[%clk 0:00:52]} 25. Rb7
{[%clk 0:00:21]} Rac8 {[%clk 0:00:52]} 26. Ra7 {[%clk 0:00:12]} Qg4
{[%clk 0:00:23]} 27. h3 {[%clk 0:00:11]} Qh5 {[%clk 0:00:22]} 28. g4
{[%clk 0:00:07]} Qb5 {[%clk 0:00:23]} 29. Rb7 {[%clk 0:00:07]} Qa5
{[%clk 0:00:22]} 30. Qxc4 {[%clk 0:00:09]} Ne5 {[%clk 0:00:23]} 31. Qc2
{[%clk 0:00:08]} Re6 {[%clk 0:00:20]} 32. Qb3 {[%clk 0:00:09]} Nxc6
{[%clk 0:00:11]} 33. Bd5 {[%clk 0:00:10]} Nd8 {[%clk 0:00:08]} 34. Bxe6
{[%clk 0:00:11]} Nxe6 {[%clk 0:00:09]} 35. Rdd7 {[%clk 0:00:12]} Nd8
{[%clk 0:00:07]} 36. Kg2 {[%clk 0:00:09]} Nxb7 37. Qxf7+ Kh8 38. Rxb7
{[%clk 0:00:10]} Qc3 {[%clk 0:00:09]} 39. Rd7 {[%clk 0:00:09]} h6
{[%clk 0:00:10]} 40. g5 {[%clk 0:00:08]} hxg5 {[%clk 0:00:09]} 41. Qh5+ Kg8 42.
Qf7+ {[%clk 0:00:11]} Kh8 {[%clk 0:00:12]} 43. Qh5+ {[%clk 0:00:10]} Kg8
{[%clk 0:00:13]} 44. Qf7+ {[%clk 0:00:11]} Kh8 {[%clk 0:00:15]} 45. h4
{[%clk 0:00:07]} gxh4 {[%clk 0:00:14]} 46. Qh5+ {[%clk 0:00:08]} Kg8
{[%clk 0:00:16]} 47. Qf7+ {[%clk 0:00:10]} Kh8 {[%clk 0:00:17]} 48. Qh5+
{[%clk 0:00:06]} Kg8 49. Qd5+ Kh8 {[%clk 0:00:20]} 50. Qh5+ {[%clk 0:00:07]} Kg8
{[%clk 0:00:21]} 51. Qf7+ {[%clk 0:00:06]} Kh8 {[%clk 0:00:21]} 52. Rd5
{[%clk 0:00:07]} Qc6 {[%clk 0:00:12]} 53. Kh2 {[%clk 0:00:05]} g6
{[%clk 0:00:13]} 54. f3 {[%clk 0:00:04]} Qc7+ {[%clk 0:00:13]} 55. Qxc7
{[%clk 0:00:04]} Rxc7 {[%clk 0:00:15]} 56. Rd6 {[%clk 0:00:06]} Be5+
{[%clk 0:00:16]} 0-1

[Event "Blitz 2018"]
[Site "Saint-Petersburg"]
[Date "2018.12.30"]
[Round "14"]
[Board "41"]
[White "Salgado Lopez Ivan (ESP)"]
[Black "Alekseev Evgeny (RUS)"]
[Result "1/2-1/2"]
[LiveChessVersion "1.4.8"]
[BlackElo "2634"]
[WhiteElo "2513"]

1. d4 {[%clk 0:03:02]} Nf6 {[%clk 0:03:03]} 2. Nf3 {[%clk 0:03:03]} e6
{[%clk 0:03:04]} 3. c3 {[%clk 0:03:04]} c5 {[%clk 0:03:02]} 4. Bg5
{[%clk 0:03:02]} Nc6 {[%clk 0:02:50]} 5. e3 {[%clk 0:03:02]} h6 {[%clk 0:02:32]}
6. Bh4 {[%clk 0:03:01]} d5 {[%clk 0:02:12]} 7. Nbd2 {[%clk 0:03:00]} g5
{[%clk 0:02:08]} 8. Bg3 {[%clk 0:02:57]} Nh5 {[%clk 0:02:08]} 9. Bb5
{[%clk 0:02:51]} Bd7 {[%clk 0:01:57]} 10. Bxc6 {[%clk 0:02:30]} Bxc6
{[%clk 0:01:54]} 11. Ne5 {[%clk 0:02:30]} Nxg3 {[%clk 0:01:44]} 12. hxg3
{[%clk 0:02:31]} Bg7 {[%clk 0:01:41]} 13. f4 {[%clk 0:01:35]} Qc7
{[%clk 0:01:36]} 14. Qh5 {[%clk 0:01:29]} Bb5 {[%clk 0:01:29]} 15. Kf2
{[%clk 0:01:22]} Rf8 {[%clk 0:01:17]} 16. fxg5 {[%clk 0:01:17]} hxg5
{[%clk 0:01:05]} 17. Qxg5 {[%clk 0:01:15]} f6 {[%clk 0:00:50]} 18. Qg6+
{[%clk 0:01:13]} Kd8 {[%clk 0:00:50]} 19. Nef3 {[%clk 0:01:03]} Qf7
{[%clk 0:00:41]} 20. Qg4 {[%clk 0:00:56]} e5 {[%clk 0:00:35]} 21. Rh7
{[%clk 0:00:52]} Rg8 {[%clk 0:00:35]} 22. Kg1 {[%clk 0:00:27]} Bd7
{[%clk 0:00:27]} 23. Qh4 {[%clk 0:00:25]} Kc8 {[%clk 0:00:22]} 24. dxe5
{[%clk 0:00:25]} Qg6 {[%clk 0:00:11]} 25. Rf1 {[%clk 0:00:11]} fxe5
{[%clk 0:00:08]} 26. Rh5 {[%clk 0:00:12]} Qd6 {[%clk 0:00:06]} 27. Rg5
{[%clk 0:00:11]} Kc7 {[%clk 0:00:08]} 28. Qh7 {[%clk 0:00:12]} Qh6
{[%clk 0:00:07]} 29. Qg6 {[%clk 0:00:08]} Qxg6 {[%clk 0:00:05]} 30. Rxg6
{[%clk 0:00:09]} e4 {[%clk 0:00:05]} 31. Ng5 {[%clk 0:00:10]} Be5
{[%clk 0:00:06]} 32. Ne6+ {[%clk 0:00:10]} Bxe6 {[%clk 0:00:05]} 33. Rxe6
{[%clk 0:00:11]} Bd6 {[%clk 0:00:05]} 34. Rf7+ {[%clk 0:00:12]} Kc6
{[%clk 0:00:06]} 35. c4 {[%clk 0:00:13]} Rad8 {[%clk 0:00:07]} 36. Rf5
{[%clk 0:00:12]} dxc4 {[%clk 0:00:07]} 37. Nxe4 {[%clk 0:00:12]} Rge8
{[%clk 0:00:05]} 38. Rff6 {[%clk 0:00:11]} Rxe6 {[%clk 0:00:06]} 39. Rxe6
{[%clk 0:00:12]} b5 {[%clk 0:00:07]} 40. g4 {[%clk 0:00:13]} Kd5 {[%clk 0:00:07]}
41. Rxd6+ {[%clk 0:00:13]} Rxd6 {[%clk 0:00:08]} 42. Nxd6 Kxd6 {[%clk 0:00:09]}
43. Kf2 b4 44. Ke2 {[%clk 0:00:15]} a5 {[%clk 0:00:12]} 45. g5 Ke5 46. e4
{[%clk 0:00:16]} a4 {[%clk 0:00:14]} 47. Kd2 {[%clk 0:00:17]} Ke6
{[%clk 0:00:11]} 48. Kc2 {[%clk 0:00:15]} Ke5 {[%clk 0:00:13]} 49. Kd2
{[%clk 0:00:16]} Ke6 {[%clk 0:00:14]} 50. Kc2 {[%clk 0:00:16]} Ke5
{[%clk 0:00:15]} 1/2-1/2

[Event "Blitz 2018"]
[Site "Saint-Petersburg"]
[Date "2018.12.30"]
[Round "14"]
[Board "42"]
[White "Zhigalko Andrey (BLR)"]
[Black "Riazantsev Alexander (RUS)"]
[Result "1-0"]
[LiveChessVersion "1.4.8"]
[BlackElo "2633"]
[WhiteElo "2493"]

1. e4 c6 2. d4 {[%clk 0:03:04]} d5 {[%clk 0:03:06]} 3. exd5 {[%clk 0:03:06]} cxd5
{[%clk 0:03:07]} 4. c4 {[%clk 0:03:07]} Nf6 {[%clk 0:03:07]} 5. Nc3
{[%clk 0:03:08]} Nc6 {[%clk 0:03:07]} 6. Bg5 {[%clk 0:03:09]} dxc4
{[%clk 0:02:42]} 7. Bxc4 {[%clk 0:03:09]} h6 {[%clk 0:02:43]} 8. Bf4
{[%clk 0:03:10]} e6 {[%clk 0:02:43]} 9. Nf3 {[%clk 0:03:11]} Bd6 {[%clk 0:02:43]}
10. Ne5 {[%clk 0:03:10]} O-O {[%clk 0:02:34]} 11. O-O {[%clk 0:03:08]} Bc7
{[%clk 0:01:59]} 12. Nxc6 {[%clk 0:02:45]} bxc6 {[%clk 0:02:00]} 13. Be5
{[%clk 0:02:45]} c5 {[%clk 0:01:38]} 14. Nb5 {[%clk 0:01:45]} Bb6
{[%clk 0:01:39]} 15. Qf3 {[%clk 0:01:14]} Ba6 {[%clk 0:01:29]} 16. Rfd1
{[%clk 0:00:39]} Bxb5 {[%clk 0:01:22]} 17. dxc5 {[%clk 0:00:33]} Nd5
{[%clk 0:00:43]} 18. Bxb5 {[%clk 0:00:16]} Bxc5 {[%clk 0:00:44]} 19. Bc6
{[%clk 0:00:17]} Rc8 {[%clk 0:00:41]} 20. Bxd5 {[%clk 0:00:17]} exd5
{[%clk 0:00:43]} 21. Rxd5 {[%clk 0:00:15]} Qb6 {[%clk 0:00:37]} 22. Rad1
{[%clk 0:00:08]} Rfe8 {[%clk 0:00:29]} 23. g3 {[%clk 0:00:08]} Qg6
{[%clk 0:00:20]} 24. Bc3 {[%clk 0:00:06]} Bb6 {[%clk 0:00:21]} 25. Kg2
{[%clk 0:00:04]} Re6 {[%clk 0:00:15]} 26. h4 {[%clk 0:00:04]} Rce8
{[%clk 0:00:15]} 27. h5 {[%clk 0:00:05]} Qc2 {[%clk 0:00:16]} 28. R5d2
{[%clk 0:00:06]} Qa4 {[%clk 0:00:17]} 29. a3 {[%clk 0:00:07]} R6e7
{[%clk 0:00:15]} 30. Bd4 {[%clk 0:00:06]} Bxd4 {[%clk 0:00:15]} 31. Rxd4
{[%clk 0:00:07]} Qb5 {[%clk 0:00:16]} 32. Rb4 {[%clk 0:00:07]} Qc5
{[%clk 0:00:11]} 33. Rd5 {[%clk 0:00:06]} Qc1 {[%clk 0:00:12]} 34. Qd1
{[%clk 0:00:04]} Qc6 {[%clk 0:00:12]} 35. Qf3 {[%clk 0:00:05]} Re1
{[%clk 0:00:11]} 36. Rbd4 {[%clk 0:00:04]} Qb6 {[%clk 0:00:11]} 37. b4
{[%clk 0:00:04]} Rc1 {[%clk 0:00:08]} 38. Rd7 {[%clk 0:00:05]} Qe6
{[%clk 0:00:06]} 39. Rd8 {[%clk 0:00:05]} Rc8 {[%clk 0:00:07]} 40. Rxe8+ Rxe8 41.
a4 {[%clk 0:00:06]} Qe5 {[%clk 0:00:07]} 42. Rg4 {[%clk 0:00:06]} Rd8
{[%clk 0:00:06]} 43. b5 {[%clk 0:00:07]} Qe1 {[%clk 0:00:05]} 44. Re4
{[%clk 0:00:08]} Qb1 {[%clk 0:00:05]} 45. Re7 {[%clk 0:00:09]} f6
{[%clk 0:00:04]} 46. Rxa7 {[%clk 0:00:07]} Rd1 {[%clk 0:00:05]} 47. Ra8+
{[%clk 0:00:05]} Kh7 {[%clk 0:00:07]} 48. Re8 {[%clk 0:00:05]} Rg1+
{[%clk 0:00:07]} 49. Kh2 {[%clk 0:00:06]} f5 {[%clk 0:00:09]} 50. Qa8
{[%clk 0:00:06]} 1-0

[Event "Blitz 2018"]
[Site "Saint-Petersburg"]
[Date "2018.12.30"]
[Round "14"]
[Board "43"]
[White "Usmanov Vasily (RUS)"]
[Black "Roiz Michael (ISR)"]
[Result "1/2-1/2"]
[LiveChessVersion "1.4.8"]
[BlackElo "2617"]
[WhiteElo "2459"]

1. Nf3 {[%clk 0:03:03]} d5 {[%clk 0:03:03]} 2. e3 {[%clk 0:03:04]} Nf6
{[%clk 0:02:55]} 3. b3 {[%clk 0:03:02]} Bg4 {[%clk 0:02:41]} 4. h3
{[%clk 0:03:02]} Bh5 {[%clk 0:02:42]} 5. Bb2 {[%clk 0:03:03]} e6 {[%clk 0:02:43]}
6. Be2 {[%clk 0:02:59]} c6 {[%clk 0:02:35]} 7. d3 {[%clk 0:02:56]} Nbd7
{[%clk 0:02:27]} 8. Nbd2 {[%clk 0:02:56]} h6 {[%clk 0:02:23]} 9. Ne5
{[%clk 0:02:33]} Bxe2 {[%clk 0:02:22]} 10. Qxe2 {[%clk 0:02:34]} Nxe5
{[%clk 0:02:19]} 11. Bxe5 {[%clk 0:02:34]} Bd6 {[%clk 0:02:19]} 12. Nf3
{[%clk 0:02:28]} O-O {[%clk 0:01:55]} 13. O-O {[%clk 0:02:29]} Bxe5
{[%clk 0:01:45]} 14. Nxe5 {[%clk 0:02:29]} Nd7 {[%clk 0:01:46]} 15. f4
{[%clk 0:02:21]} Qe7 {[%clk 0:01:27]} 16. Rf2 {[%clk 0:02:01]} Nxe5
{[%clk 0:01:11]} 17. fxe5 {[%clk 0:02:02]} f6 {[%clk 0:01:12]} 18. exf6
{[%clk 0:01:41]} Rxf6 {[%clk 0:01:13]} 19. Rxf6 {[%clk 0:01:42]} Qxf6
{[%clk 0:01:14]} 20. Rf1 {[%clk 0:01:42]} Qe7 {[%clk 0:01:10]} 21. Qg4
{[%clk 0:01:39]} a6 {[%clk 0:01:06]} 22. Qg6 {[%clk 0:01:20]} Rf8
{[%clk 0:01:03]} 23. Rxf8+ {[%clk 0:01:20]} Kxf8 {[%clk 0:01:04]} 24. Kf2
{[%clk 0:01:19]} Qf7+ {[%clk 0:01:00]} 1/2-1/2

[Event "Blitz 2018"]
[Site "Saint-Petersburg"]
[Date "2018.12.30"]
[Round "14"]
[Board "44"]
[White "Rakhmanov Aleksandr (RUS)"]
[Black "Bazeev German (RUS)"]
[Result "1/2-1/2"]
[LiveChessVersion "1.4.8"]
[BlackElo "2422"]
[WhiteElo "2615"]

1. c4 {[%clk 0:03:03]} d6 {[%clk 0:02:58]} 2. Nc3 {[%clk 0:03:03]} e5
{[%clk 0:02:58]} 3. g3 {[%clk 0:03:04]} f5 {[%clk 0:02:59]} 4. Bg2
{[%clk 0:03:05]} Nf6 {[%clk 0:03:00]} 5. d3 {[%clk 0:03:07]} g6 {[%clk 0:02:54]}
6. e3 {[%clk 0:03:08]} Bg7 {[%clk 0:02:54]} 7. Nge2 {[%clk 0:03:09]} O-O
{[%clk 0:02:55]} 8. O-O {[%clk 0:03:09]} a5 {[%clk 0:02:56]} 9. b3
{[%clk 0:03:09]} Nc6 {[%clk 0:02:51]} 10. Bb2 {[%clk 0:03:10]} Ne7
{[%clk 0:02:33]} 11. Qd2 {[%clk 0:03:00]} h6 {[%clk 0:02:29]} 12. f4
{[%clk 0:02:56]} c6 {[%clk 0:02:19]} 13. h3 {[%clk 0:02:56]} Be6 {[%clk 0:02:07]}
14. Kh2 {[%clk 0:02:56]} Qc7 {[%clk 0:02:03]} 15. Rac1 {[%clk 0:02:56]} Bf7
{[%clk 0:02:00]} 16. Rcd1 {[%clk 0:02:28]} Rae8 {[%clk 0:01:56]} 17. Rc1
{[%clk 0:02:29]} g5 {[%clk 0:01:55]} 18. d4 {[%clk 0:02:24]} exf4
{[%clk 0:01:44]} 19. exf4 {[%clk 0:02:24]} g4 {[%clk 0:01:46]} 20. h4 d5 21. c5
{[%clk 0:01:39]} Ne4 {[%clk 0:01:48]} 22. Qd3 {[%clk 0:01:41]} Kh8
{[%clk 0:01:45]} 23. Na4 {[%clk 0:01:41]} Ng8 {[%clk 0:01:46]} 24. Rc2
{[%clk 0:01:34]} Re7 {[%clk 0:01:47]} 25. Bc1 {[%clk 0:01:30]} Rfe8
{[%clk 0:01:48]} 26. Qd1 {[%clk 0:01:27]} Ngf6 {[%clk 0:01:49]} 27. Nb2
{[%clk 0:01:27]} Nh5 {[%clk 0:01:42]} 28. Nd3 {[%clk 0:01:28]} Re6
{[%clk 0:01:43]} 29. Ne5 {[%clk 0:01:29]} Qe7 {[%clk 0:01:42]} 30. Bxe4
{[%clk 0:01:16]} dxe4 {[%clk 0:01:38]} 31. Be3 {[%clk 0:01:10]} Rd8
{[%clk 0:01:37]} 32. Qe1 {[%clk 0:01:11]} Ra8 {[%clk 0:01:24]} 33. Nc4
{[%clk 0:01:10]} Nf6 {[%clk 0:01:24]} 34. Nb6 {[%clk 0:01:09]} Nd5
{[%clk 0:01:16]} 35. Nxd5 {[%clk 0:01:08]} cxd5 {[%clk 0:01:18]} 36. Nc3
{[%clk 0:01:09]} Rc6 {[%clk 0:01:15]} 37. Na4 {[%clk 0:01:08]} Be8
{[%clk 0:01:10]} 38. Qd2 {[%clk 0:01:07]} Qe6 {[%clk 0:01:08]} 39. Rfc1
{[%clk 0:01:07]} Bf6 {[%clk 0:01:09]} 40. Nb6 {[%clk 0:01:05]} Ra6
{[%clk 0:01:10]} 41. a3 {[%clk 0:01:06]} Bd8 {[%clk 0:01:10]} 42. Na4
{[%clk 0:01:05]} Rc8 {[%clk 0:01:12]} 43. Nc3 {[%clk 0:01:05]} b5 1/2-1/2

[Event "Blitz 2018"]
[Site "Saint-Petersburg"]
[Date "2018.12.30"]
[Round "14"]
[Board "45"]
[White "Tari Aryan (NOR)"]
[Black "Reshetnikov Alexey (RUS)"]
[Result "1-0"]
[LiveChessVersion "1.4.8"]
[BlackElo "2473"]
[WhiteElo "2608"]

1. e4 {[%clk 0:03:03]} c5 {[%clk 0:03:03]} 2. Nf3 Nc6 3. Bb5 {[%clk 0:03:02]} e6
{[%clk 0:03:05]} 4. Bxc6 {[%clk 0:03:01]} bxc6 {[%clk 0:03:05]} 5. b3
{[%clk 0:03:00]} Ne7 {[%clk 0:02:56]} 6. e5 {[%clk 0:02:52]} Ng6 {[%clk 0:02:50]}
7. h4 {[%clk 0:02:52]} f6 {[%clk 0:02:48]} 8. Bb2 {[%clk 0:02:45]} Nxe5
{[%clk 0:02:19]} 9. Nxe5 {[%clk 0:02:44]} fxe5 {[%clk 0:02:20]} 10. Qh5+
{[%clk 0:02:35]} g6 {[%clk 0:02:21]} 11. Qxe5 {[%clk 0:02:36]} Rg8
{[%clk 0:02:22]} 12. Qg3 {[%clk 0:02:35]} Qe7 {[%clk 0:01:58]} 13. Nc3
{[%clk 0:02:16]} Bg7 {[%clk 0:01:51]} 14. O-O-O {[%clk 0:02:16]} d6
{[%clk 0:01:47]} 15. Rhe1 {[%clk 0:02:02]} Kd7 {[%clk 0:01:37]} 16. Ne4
{[%clk 0:01:56]} Bxb2+ {[%clk 0:01:13]} 17. Kxb2 {[%clk 0:01:57]} e5
{[%clk 0:00:49]} 18. f4 {[%clk 0:01:57]} Re8 {[%clk 0:00:49]} 19. Ng5
{[%clk 0:01:38]} Kc7 {[%clk 0:00:33]} 20. fxe5 {[%clk 0:01:37]} dxe5
{[%clk 0:00:34]} 21. Re3 {[%clk 0:01:28]} Bf5 {[%clk 0:00:28]} 22. Rde1
{[%clk 0:01:28]} Qd6 {[%clk 0:00:28]} 23. Rxe5 {[%clk 0:01:18]} Kb6
{[%clk 0:00:27]} 24. Qc3 {[%clk 0:01:15]} Rxe5 {[%clk 0:00:28]} 25. Rxe5 Rd8
{[%clk 0:00:28]} 26. Nf7 {[%clk 0:01:15]} 1-0

[Event "Blitz 2018"]
[Site "Saint-Petersburg"]
[Date "2018.12.30"]
[Round "14"]
[Board "46"]
[White "Yu Yangyi (CHN)"]
[Black "Potapov Pavel (RUS)"]
[Result "1/2-1/2"]
[LiveChessVersion "1.4.8"]
[BlackElo "2542"]
[WhiteElo "2804"]

1. e4 {[%clk 0:03:03]} c5 {[%clk 0:03:03]} 2. Nf3 {[%clk 0:03:03]} Nc6
{[%clk 0:03:04]} 3. d4 {[%clk 0:03:04]} cxd4 {[%clk 0:03:05]} 4. Nxd4
{[%clk 0:03:05]} e5 {[%clk 0:03:06]} 5. Nb5 {[%clk 0:03:06]} d6 {[%clk 0:03:06]}
6. c4 {[%clk 0:03:08]} Be7 {[%clk 0:03:06]} 7. N1c3 {[%clk 0:03:08]} a6
{[%clk 0:03:08]} 8. Na3 {[%clk 0:03:09]} f5 {[%clk 0:03:09]} 9. exf5
{[%clk 0:03:03]} Bxf5 {[%clk 0:03:09]} 10. Nc2 {[%clk 0:03:01]} Nf6
{[%clk 0:03:10]} 11. Bd3 {[%clk 0:02:35]} Be6 {[%clk 0:03:10]} 12. O-O
{[%clk 0:02:35]} O-O {[%clk 0:03:09]} 13. b3 {[%clk 0:02:32]} Qd7
{[%clk 0:03:09]} 14. Bb2 {[%clk 0:02:30]} Bd8 {[%clk 0:03:09]} 15. Ne4
{[%clk 0:02:20]} Bb6 {[%clk 0:02:14]} 16. Qe2 {[%clk 0:02:14]} Rad8
{[%clk 0:02:09]} 17. Kh1 {[%clk 0:02:10]} Nxe4 {[%clk 0:01:49]} 18. Bxe4
{[%clk 0:02:11]} Bf5 {[%clk 0:01:48]} 19. f3 {[%clk 0:02:02]} Bxe4
{[%clk 0:01:45]} 20. Qxe4 {[%clk 0:02:02]} Qf5 {[%clk 0:01:44]} 21. Qxf5
{[%clk 0:01:57]} Rxf5 {[%clk 0:01:45]} 22. Rad1 {[%clk 0:01:58]} Bc5
{[%clk 0:01:40]} 23. g3 {[%clk 0:01:52]} b5 {[%clk 0:01:39]} 24. Na3
{[%clk 0:01:27]} Rb8 {[%clk 0:01:12]} 25. Kg2 {[%clk 0:01:21]} Nb4
{[%clk 0:01:08]} 26. cxb5 {[%clk 0:01:06]} axb5 {[%clk 0:01:09]} 27. Rd2
{[%clk 0:00:55]} Nxa2 {[%clk 0:01:05]} 28. Nc2 {[%clk 0:00:56]} Nb4
{[%clk 0:01:01]} 29. Ra1 {[%clk 0:00:49]} Rff8 {[%clk 0:00:56]} 30. Nxb4
{[%clk 0:00:47]} Bxb4 {[%clk 0:00:57]} 31. Re2 {[%clk 0:00:39]} Ra8
{[%clk 0:00:55]} 32. Rc1 {[%clk 0:00:32]} Rfc8 {[%clk 0:00:54]} 33. Rxc8+
{[%clk 0:00:28]} Rxc8 {[%clk 0:00:55]} 34. f4 {[%clk 0:00:28]} exf4
{[%clk 0:00:52]} 35. gxf4 {[%clk 0:00:30]} Kf7 {[%clk 0:00:46]} 36. Kf3
{[%clk 0:00:31]} Bc3 {[%clk 0:00:47]} 37. Rc2 {[%clk 0:00:25]} b4
{[%clk 0:00:48]} 38. Bc1 {[%clk 0:00:26]} d5 {[%clk 0:00:47]} 39. Ra2
{[%clk 0:00:21]} Rc7 {[%clk 0:00:46]} 40. Ke2 {[%clk 0:00:20]} Kf6
{[%clk 0:00:43]} 41. Ra5 {[%clk 0:00:20]} Rd7 {[%clk 0:00:42]} 42. Kd3
{[%clk 0:00:18]} Kf5 {[%clk 0:00:43]} 43. h3 {[%clk 0:00:20]} h6 {[%clk 0:00:36]}
44. Rb5 {[%clk 0:00:21]} g5 {[%clk 0:00:27]} 45. fxg5 {[%clk 0:00:22]} hxg5
{[%clk 0:00:28]} 46. Be3 {[%clk 0:00:23]} Be1 {[%clk 0:00:20]} 47. Kd4
{[%clk 0:00:19]} Bc3+ 48. Kd3 Be1 {[%clk 0:00:19]} 49. Kd4 {[%clk 0:00:22]} Bc3+
{[%clk 0:00:19]} 50. Kd3 {[%clk 0:00:23]} Ke5 51. Ke4+ 1/2-1/2

[Event "Blitz 2018"]
[Site "Saint-Petersburg"]
[Date "2018.12.30"]
[Round "14"]
[Board "47"]
[White "Al-Sayed Mohammed (QAT)"]
[Black "Fedoseev Vladimir (RUS)"]
[Result "0-1"]
[LiveChessVersion "1.4.8"]
[BlackElo "2750"]
[WhiteElo "2547"]

1. d4 {[%clk 0:03:02]} Nf6 {[%clk 0:03:03]} 2. c4 {[%clk 0:03:03]} g6
{[%clk 0:03:04]} 3. Nc3 {[%clk 0:03:03]} Bg7 {[%clk 0:03:05]} 4. e4
{[%clk 0:03:02]} d6 {[%clk 0:03:06]} 5. Nf3 {[%clk 0:03:02]} O-O {[%clk 0:03:06]}
6. Be2 {[%clk 0:03:02]} Na6 {[%clk 0:03:06]} 7. O-O {[%clk 0:02:59]} e5
{[%clk 0:03:07]} 8. Be3 {[%clk 0:02:41]} c6 {[%clk 0:02:56]} 9. d5
{[%clk 0:02:34]} Ng4 {[%clk 0:02:56]} 10. Bg5 {[%clk 0:02:33]} f6
{[%clk 0:02:57]} 11. Bh4 {[%clk 0:02:18]} c5 {[%clk 0:02:58]} 12. Ne1
{[%clk 0:02:13]} Nh6 {[%clk 0:02:55]} 13. Nd3 {[%clk 0:02:10]} Nc7
{[%clk 0:02:50]} 14. b4 {[%clk 0:02:08]} b6 {[%clk 0:02:51]} 15. Rb1
{[%clk 0:02:02]} Ne8 {[%clk 0:02:42]} 16. bxc5 {[%clk 0:01:43]} bxc5
{[%clk 0:02:43]} 17. Qa4 {[%clk 0:01:40]} g5 {[%clk 0:02:42]} 18. Bg3
{[%clk 0:01:40]} f5 {[%clk 0:02:43]} 19. f3 {[%clk 0:01:22]} a6 {[%clk 0:02:22]}
20. Qc6 {[%clk 0:01:19]} Bd7 {[%clk 0:02:21]} 21. Qb6 {[%clk 0:01:20]} Qe7
{[%clk 0:02:08]} 22. exf5 {[%clk 0:00:41]} Nxf5 {[%clk 0:02:08]} 23. Ne4
{[%clk 0:00:41]} h6 {[%clk 0:01:56]} 24. Bf2 {[%clk 0:00:41]} Nf6
{[%clk 0:01:55]} 25. Ndxc5 {[%clk 0:00:31]} dxc5 {[%clk 0:01:39]} 26. Bxc5
{[%clk 0:00:32]} Qf7 {[%clk 0:01:37]} 27. Bxf8 {[%clk 0:00:30]} Rxf8
{[%clk 0:01:38]} 28. Nd6 {[%clk 0:00:18]} Qe7 {[%clk 0:01:30]} 29. Nxf5
{[%clk 0:00:19]} Bxf5 {[%clk 0:01:31]} 30. d6 {[%clk 0:00:17]} Qe6
{[%clk 0:01:26]} 31. Rbd1 {[%clk 0:00:15]} e4 {[%clk 0:01:22]} 32. fxe4
{[%clk 0:00:09]} Nxe4 {[%clk 0:01:22]} 33. Kh1 {[%clk 0:00:04]} Nc3
{[%clk 0:01:20]} 34. Bf3 {[%clk 0:00:04]} Qxc4 {[%clk 0:01:10]} 35. d7
{[%clk 0:00:05]} Bxd7 {[%clk 0:01:07]} 36. Rc1 {[%clk 0:00:03]} g4
{[%clk 0:00:59]} 37. Bb7 Rxf1+ {[%clk 0:00:59]} 0-1

[Event "Blitz 2018"]
[Site "Saint-Petersburg"]
[Date "2018.12.30"]
[Round "14"]
[Board "48"]
[White "Esipenko Andrey (RUS)"]
[Black "Seliverstov Vladimir (RUS)"]
[Result "1-0"]
[LiveChessVersion "1.4.8"]
[BlackElo "2512"]
[WhiteElo "2673"]

1. d4 {[%clk 0:03:03]} d5 {[%clk 0:03:02]} 2. Nf3 {[%clk 0:03:03]} Nf6
{[%clk 0:03:03]} 3. Bf4 {[%clk 0:03:04]} c5 {[%clk 0:03:01]} 4. e3
{[%clk 0:03:05]} Nc6 {[%clk 0:03:00]} 5. Nbd2 {[%clk 0:03:06]} Qb6
{[%clk 0:02:42]} 6. dxc5 {[%clk 0:03:07]} Qxc5 {[%clk 0:02:43]} 7. Bd3
{[%clk 0:02:54]} Bg4 {[%clk 0:02:43]} 8. h3 {[%clk 0:02:45]} Bh5 {[%clk 0:02:44]}
9. Bh2 {[%clk 0:02:41]} e6 {[%clk 0:02:31]} 10. O-O {[%clk 0:02:41]} Be7
{[%clk 0:02:32]} 11. a3 {[%clk 0:02:27]} O-O {[%clk 0:02:26]} 12. Qe2
{[%clk 0:02:26]} Qb6 {[%clk 0:02:19]} 13. b4 {[%clk 0:02:22]} a5 {[%clk 0:01:16]}
14. b5 {[%clk 0:02:21]} Nb8 {[%clk 0:01:17]} 15. c4 {[%clk 0:02:15]} Nbd7
{[%clk 0:01:17]} 16. cxd5 {[%clk 0:02:13]} Nxd5 {[%clk 0:01:15]} 17. Nc4
{[%clk 0:02:12]} Qd8 {[%clk 0:01:15]} 18. g4 {[%clk 0:01:54]} Bg6
{[%clk 0:01:17]} 19. Bxg6 {[%clk 0:01:55]} hxg6 {[%clk 0:01:18]} 20. Rac1
{[%clk 0:01:50]} N5b6 {[%clk 0:00:28]} 21. Nxb6 {[%clk 0:01:42]} Qxb6
{[%clk 0:00:12]} 22. Rc7 {[%clk 0:01:40]} Rfd8 {[%clk 0:00:10]} 23. Rd1
{[%clk 0:01:39]} Nf6 {[%clk 0:00:04]} 24. Rxe7 {[%clk 0:01:35]} Nd5
{[%clk 0:00:06]} 25. Rxd5 {[%clk 0:01:06]} Rxd5 {[%clk 0:00:07]} 26. Ne5
{[%clk 0:01:08]} Qxb5 {[%clk 0:00:05]} 27. Qf3 {[%clk 0:01:08]} Rf8
{[%clk 0:00:05]} 28. Rxf7 {[%clk 0:01:07]} Qe8 {[%clk 0:00:05]} 29. Rxf8+
{[%clk 0:01:01]} Qxf8 {[%clk 0:00:07]} 30. Qe4 {[%clk 0:01:03]} Qxa3
{[%clk 0:00:05]} 31. Nxg6 {[%clk 0:00:56]} Rd1+ {[%clk 0:00:06]} 32. Kg2
{[%clk 0:00:57]} Qb3 {[%clk 0:00:07]} 33. Qf3 {[%clk 0:00:44]} Kh7
{[%clk 0:00:06]} 34. Ne5 {[%clk 0:00:41]} Qd5 {[%clk 0:00:05]} 35. e4
{[%clk 0:00:41]} Qd8 {[%clk 0:00:04]} 36. Qf7 {[%clk 0:00:38]} Qf6
{[%clk 0:00:04]} 37. Qh5+ {[%clk 0:00:35]} Qh6 {[%clk 0:00:04]} 38. Qe8
{[%clk 0:00:32]} Qf6 {[%clk 0:00:00]} 1-0